000 00896nam a2200229Ia 4500
003 GCL
008 140319s9999 xx 000 0 ara d
040 _aGCL /
_cGCL
082 0 4 _aم
_b020.3
_bش د
100 1 _aشعبان عبدالعزيز خليفة
245 1 0 _aدائرة المعارف العربية فى علوم الكتب والمكتبات والمعلومات /
_cشعبان عبدالعزيز خليفة
260 _aالقاهرة :
_bالدار المصرية اللبنانية ،
_c1998
300 _a5 مج ؛
_c24 سم
490 _a
650 0 4 _aدوائر المعارف
650 0 4 _aدوائر المعارف العربية
650 0 4 _aالمكتبات، علم
650 0 4 _aالمعلومات، علم
650 0 4 _aالمكتبات، علم - دوائر معارف
650 0 4 _aالمعلومات، علم - دوائر معارف
942 _2ddc
_cREF
999 _c59718
_d59718